原神 聖遺物2セット効果 - Statistics

General Stats
  • This quiz has been taken 69 times
  • The average score is 23 of 36
Answer Stats
Hint Answer % Correct
燃え盛る炎の魔女 炎元素ダメージ+15%
83%
氷風を彷徨う勇士 氷元素ダメージ+15%
83%
剣闘士のフィナーレ 攻撃力+18%
81%
雷のような怒り 雷元素ダメージ+15%
79%
黄金の劇団 元素スキルのダメージ+20%
79%
金メッキの夢 元素熟知+80
79%
絶縁の旗印 元素チャージ効率+20%
77%
愛される少女 与える治療効果+15%
74%
翠緑の影 風元素ダメージ+15%
74%
灰燼の都に立つ英雄の絵巻 付近にいるチーム内キャラクターが「夜魂バースト」を起こすと、装備者は元素エネルギーを6ポイント回復する
74%
大地を流浪する楽団 元素熟知+80
74%
烈火を渡る賢者 炎元素耐性+40%
72%
深林の記憶 草元素ダメージ+15%
70%
ファントムハンター 通常攻撃と重撃ダメージ+15%
70%
蒼白の炎 物理ダメージ+25%
70%
花海甘露の光 HP+20%
70%
追憶のしめ縄 攻撃力+18%
68%
雷を鎮める尊者 雷元素耐性+40%
68%
千岩牢固 HP+20%
68%
黒曜の秘典 装備者が「夜魂の加護」状態にあり、かつフィールド上にいる時、与えるダメージ+15%
64%
砂上の楼閣の史話 風元素ダメージ+15%
64%
水仙の夢 水元素ダメージ+15%
62%
諧律奇想の断章 攻撃力+18%
62%
旧貴族のしつけ 元素爆発のダメージ+20%
62%
華館夢醒形骸記 防御力+30%
62%
沈淪の心 水元素ダメージ+15%
60%
海染硨磲 与える治療効果+15%
60%
血染めの騎士道 物理ダメージ+25%
57%
在りし日の歌 与える治療効果+15%
55%
来歆の余響 攻撃力+18%
55%
辰砂往生録 攻撃力+18%
49%
逆飛びの流星 シールド強化+35%
49%
遂げられなかった想い 攻撃力+18%
43%
楽園の絶花 元素熟知+80
40%
悠久の磐岩 岩元素ダメージ+15%
38%
残響の森でささやかれる夜話 攻撃力+18%
30%
No matching quizzes found
Score Distribution
Percent of People with Each Score
Percentile by Number Answered
Your Score History
You have not taken this quiz